10 najlpszych i najgorszych państw do życia na świecie. - Statystyki

Ogólne statystyki
  • Ten quiz został rozwiązany 117 razy
  • Średni wynik to 11 z 20
Statystyki odpowiedzi
L.p Najlepsze % Poprawnych
1. Norwegia
87%
4. Szwecja
86%
8. Finlandia
81%
2. Szwajcaria
79%
3. Kanada
74%
6. Dania
73%
7. Australia
67%
10. Luksemburg
60%
9. Holandia
59%
5. Nowa Zelandia
57%
7. Afganistan
53%
8. Demokratyczna Republika Konga
50%
10. Czad
43%
4. Jemen
33%
6. Burundi
32%
3. Gwinea
30%
9. Republika Środkowoafrykańska
30%
1. Angola
24%
2. Haiti
21%
5. Togo
20%
Nie znaleziono quizów pasujących do podanych kryteriów
Rozkład punktacji
Procent ludzi z każdym wynikiem
Percentyl według liczby udzielonych odpowiedzi
Twoja historia wyników
Nie rozwiązałeś tego quizu